Cinta laksa dan ubi

Bibliographic Details
Main Author: Hanifah Turkey
Format: Book
Published: Selangor : PTS One , 2006
Subjects:

MARC

LEADER 00000cam a2200000 7i4500
001 0000000116
005 20151222.0
008 070629
020 |a 9833653138 
090 0 0 |a HAN   |b MAL (215) 
100 0 |a Hanifah Turkey 
245 1 0 |a Cinta laksa dan ubi   |c Hanifah Turkey 
260 |a Selangor :   |b PTS One ,   |c 2006 
500 |a Children ages 7-9 years old (orange) 
650 0 |a Malay fiction 
999 |a 0000953912   |b Book   |c Teenagers   |e Perbadanan Perpustakaan Awam Johor 
999 |a 0000953913   |b Book   |c Teenagers   |e Cawangan Taman Universiti 
999 |a 0000953914   |b Book   |c Teenagers   |e Perbadanan Perpustakaan Awam Johor 
999 |a 0000953915   |b Book   |c Adult Collection   |e Cawangan Taman Sri Lambak